Catálogo

COMMUNICABLE DISEASE CONTROL IN EMERGENCIES : (Registro nro. 48356)

Detalles MARC
000 -LEADER
fixed length control field 00760nam a2200169 a 4500
001 - CONTROL NUMBER
control field 48356
005 - DATE AND TIME OF LATEST TRANSACTION
control field 20180714032635.0
008 - FIXED-LENGTH DATA ELEMENTS--GENERAL INFORMATION
fixed length control field 140415s2005 sz 000 0 eng d
041 ## - LANGUAGE CODE
Language code of text/sound track or separate title eng
082 ## - DEWEY DECIMAL CLASSIFICATION NUMBER
Classification number 614.5
Item number COM
245 00 - TITLE STATEMENT
Title COMMUNICABLE DISEASE CONTROL IN EMERGENCIES :
Remainder of title A FIELD MANUAL
250 ## - EDITION STATEMENT
Edition statement 1a ed.
260 ## - PUBLICATION, DISTRIBUTION, ETC.
Place of publication, distribution, etc. SUIZA :
Name of publisher, distributor, etc. WORLD HEALTH ORGANIZATION,
Date of publication, distribution, etc. 2005
300 ## - PHYSICAL DESCRIPTION
Extent 159
Dimensions 15 x 1.6 x 22
520 ## - SUMMARY, ETC.
Summary, etc. ESTE MANUAL ES PENSADO AYUDAR PROFESIONAL DE SALUD Y COORDINADORES SANITARIAS QUE TRABAJAN EN SITUACIONES DE EMERGENCIA PREVIENEN, DISCIERNEN Y CONTROLAN EL MAYOR DE LAS ENFERMEDADES TRANSMISIBLES ENCONTRADAS POR POBLACIONES
650 14 - SUBJECT ADDED ENTRY--TOPICAL TERM
Topical term or geographic name entry element ENFERMEDADES TRANSMISIBLES
General subdivision ENFERMEDADES TRANSMISIBLES
-- PREVENCION
-- URGENCIAS MEDICAS
Existencias
Withdrawn status Lost status Source of classification or shelving scheme Damaged status Not for loan Collection code Home library Current library Shelving location Date acquired Source of acquisition Inventory number Total Checkouts Full call number Barcode Date last seen Date last checked out Price effective from Koha item type
    Dewey Decimal Classification     General Biblioteca Karol Wojtyla Biblioteca Karol Wojtyla Sala general 03/12/2013 Compra 151000000000000000006045 1 614.5 COM 72314 23/08/2023 12/11/2018 03/12/2013 Libro